Computer evidence (Record no. 208964)
[ view plain ]
| 000 -LEADER | |
|---|---|
| fixed length control field | 01279nam a2200313Ia 4500 |
| 100 1# - MAIN ENTRY--AUTHOR NAME | |
| Personal name | Brown, Christopher L. T. |
| 245 10 - TITLE STATEMENT | |
| Title | Computer evidence |
| 250 ## - EDITION STATEMENT | |
| Edition statement | 2nd ed. |
| 260 ## - PUBLICATION, DISTRIBUTION, ETC. (IMPRINT) | |
| Place of publication | Boston, Mass. : |
| Name of publisher | Course Technology/Cengage Learning, |
| Year of publication | c2010. |
| 300 ## - PHYSICAL DESCRIPTION | |
| Number of Pages | xxvii, 518 p. : |
| Other physical details | ill. |
| 500 ## - GENERAL NOTE | |
| General note | Previous ed.: Hingham, Mass.: Charles River Media, 2005. |
| 650 #0 - SUBJECT ADDED ENTRY--TOPICAL TERM | |
| Topical Term | Computer crimes |
| Topical Term | Criminal investigation. |
| 856 40 - ELECTRONIC LOCATION AND ACCESS | |
| Uniform Resource Identifier | http://site.ebrary.com/lib/rucke/Doc?id=10359308 |
No items available.
